LEADER 01768nam a2200337 u 4500 001 000000017856 003 CaOOAMICUS 005 20160719113933.0 008 950224s1954 vc u000 u lat u 032 $aLibriCat 035 $a10415845 040 $aPUL(R)$bita 100 1 $aOttaviani, Alfredo,$ccard.,$d1890-1979.$0(OLS)http://pul/name/12414 245 10$aCompendium iuris publici ecclesiastici /$cAlaphridus s.r.e. card. Ottaviani. 250 $aEd. 4a /$bemendata et aucta adiuvante Iur doct. Iosepho di Meglio. 260 $aCittą del Vaticano :$bTypis Polyglottis Vaticanis,$c1954. 300 $aviii, 496 p. ;$c23 cm 500 $aIn testa al front: Pontificium Institutum utriusque Iuris. 504 $aBibliografia in nota. 650 4$aDiritto pubblico ecclesiastico.$0(OLS)http://pul/subject/1804 700 1 $aDi Meglio, Giuseppe.$0(OLS)http://pul/name/95546 710 2 $aPontificia Universitą Lateranense.$bPontificium Institutum Utriusque Iuris.$0(OLS)http://pul/name/1777 850 $aPUL 852 $aPUL$W1$xDP1 Diritto e Scienze Sociali 2$y90$mApudBibl C 12$j25145$nBK-PRI$b $qStampati altre collocazioni$B25145$CPULBib$Z2$F25145 $H $81 852 $aPUL$W1$xDP1 Fondo Cecchetti$y53$m275 A 9$j25146$nBK-PRI$b $qFondi$B25146$CPULBib$Z2$F25146 $HPUL7049 $81 852 $aPUL$W1$xDP1 Fondo G. Barberini$y122$m3 C 10$j115038$nBK-PRI$b 3 copia$qFondi$B178795$CPULBib$Z2$F178795 $HBar1494 $81 941 1 $a10 941 1 $a1 996 $6245$aCompendium iuris publici ecclesiastici$9(OLS)http://pul/title/25537 996 $6260$aCittą del Vaticano :$bTypis Polyglottis Vaticanis$9(OLS)http://pul/publisher/49190 LEADER 01477nam a2200337 a 4500 001 000000124757 003 CaOOAMICUS 005 20110411175724.0 008 110322s2011 it ad u000 u ita r 040 $aPUL$bita 082 04$a658.8 100 1 $aCentenaro, Luigi.$0(OLS)http://pul/name/78805 245 10$aPersonal branding /$cLuigi Centenaro, Tommaso Sorchiotti. 260 $aMilano :$bHoepli,$c©2010$aMilano :$bIl Sole 24 ore,$c©2011. 300 $axvi, 159 p. :$bill., grafici ;$c18 cm 490 1 $aFare business con i social network ;$v03 500 $aEdizione speciale per il Sole 24 Ore. 500 $aSettimanale N. 3/2011. 504 $aContiene riferimenti bibliografici. 650 4$aMarketing.$0(OLS)http://pul/subject/7374 650 4$aComunicazioni di massa$xSistemi informatici.$0(OLS)http://pul/subject/20310 700 1 $aSorchiotti, Tommaso.$0(OLS)http://pul/name/78806 830 0$aFare business con i social network ;$v03.$0(OLS)http://pul/title/157279 850 $aPUL 852 $aPUL$W1$xSL Cons. Gen., Altre Classi 3$y75$m658. 8 COLL 2.3$j143651$qDDC 21$B142673$CPULBib$Z2$F142673 $H116616 $82 941 1 $a9 996 $6082$a658.8$9(OLS)http://pul/classification/1888 996 $6245$aPersonal branding$9(OLS)http://pul/title/157278 996 $6260$aMilano :$bHoepli$9(OLS)http://pul/publisher/49407 996 $6260$aMilano :$bIl Sole 24 ore$9(OLS)http://pul/publisher/69212